| 000 | 00581 a2200181 4500 | ||
|---|---|---|---|
| 020 | _a8131201910 | ||
| 020 | _a9788131201916 | ||
| 082 | _a515.3 | ||
| 090 |
_c926 _d926 |
||
| 100 | 1 | _aEnderton, Herbert B. | |
| 245 | 1 | 2 |
_aA mathematical introduction to logic / _cHerbert B. Enderton. |
| 250 | _a2nd ed. | ||
| 260 |
_a[S.l.] : _bAcademic Press, _c2000. |
||
| 300 | _a1 v. (unpaged) | ||
| 700 | _aEnderton, Herbert B. | ||
| 942 |
_aSNS _cBK _k515.3 END |
||
| 999 |
_c29547 _d29547 |
||